Cell surface carbohydrate chemistry (Record no. 33368)
[ view plain ]
| 000 -LEADER | |
|---|---|
| fixed length control field | 00282nam a2200109Ia 4500 |
| 082 ## - DEWEY DECIMAL CLASSIFICATION NUMBER | |
| Classification number | 547.454 |
| Item number | HAR |
| 245 #0 - TITLE STATEMENT | |
| Title | Cell surface carbohydrate chemistry |
| 260 ## - PUBLICATION, DISTRIBUTION, ETC. (IMPRINT) | |
| Place of publication | New York |
| Name of publisher | Academic |
| Year of publication | 1978 |
| 700 ## - ADDED ENTRY--PERSONAL NAME | |
| Personal name | Harmon, Robert E |
| 942 ## - ADDED ENTRY ELEMENTS (KOHA) | |
| Koha item type | Books |
| Withdrawn status | Lost status | Damaged status | Not for loan | Home library | Current library | Date acquired | Cost, normal purchase price | Full call number | Accession Number | Koha item type |
|---|---|---|---|---|---|---|---|---|---|---|
| RRII Library | RRII Library | 16/12/2021 | 19.50 | 547.454 HAR | 13866 | Books |